Największe miasta w Niemczech - Statystyki

Ogólne statystyki
  • Ten quiz został rozwiązany 7 212 razy
  • Średni wynik to 11 z 20
Statystyki odpowiedzi
Miasto Liczba ludności % Poprawnych
Berlin 3 520 031
100%
Monachium 1 450 381
96%
Hamburg 1 787 408
92%
Dortmund 586 181
85%
Kolonia 1 060 582
81%
Lipsk 560 472
72%
Drezno 543 825
68%
Brema 557 464
62%
Frankfurt nad Menem 732 688
61%
Stuttgart 623 738
58%
Düsseldorf 612 178
53%
Hanower 532 163
47%
Norymberga 509 975
46%
Essen 582 624
41%
Bonn 318 809
39%
Duisburg 491 231
20%
Bielefeld 333 090
18%
Bochum 364 742
18%
Münster 310 039
13%
Wuppertal 350 046
10%
Nie znaleziono quizów pasujących do podanych kryteriów
Rozkład punktacji
Procent ludzi z każdym wynikiem
Percentyl według liczby udzielonych odpowiedzi
Twoja historia wyników
Nie rozwiązałeś tego quizu